000 00662nam a2200253Ia 4500
003 OSt
005 20221005075501.0
006 a|||||r|||| 00| 0
007 ta
008 221004b |||||||| |||| 00| 0 eng d
020 _a817392197
024 _a23661
037 _cTextual
040 _aCRL
_cCRL
_beng
041 _2eng
_aeng
082 _aL:4:31, N8
100 _aLall S B Editor
_9609638
245 0 _aEssentials of clinical toxicology
260 _aNew Delhi
_bNarosa Publishing House India
_c1998
300 _a337p.
_ccm.
650 _aMEDICINE
942 _hL:4:31, N8
_cTEXL
_2cc
999 _c984654
_d984654